000 00649nam a22002297a 4500
003 OSt
005 20150525141415.0
008 130214t xxu||||| |||| 00| 0 eng d
020 _a9715690262
050 _aPE 1408
_b.D121 1992
082 _aF808.0420202
_b.D12 1992
100 _aDadufalza, Conception D.
245 _aReading into writing 1/
_cConcepcion D. Dadufalza.
260 _aMakati City :
_bBookmark,
_c1992.
300 _axii, 339 pages :
_billustrations ;
_c26 cm.
500 _aIncludes bibliographical reference.
650 _aReading.
650 _aWriting.
942 _2lcc
_cBK
_kFIL
999 _c284355
_d284355